Statistics for Formula 1 Teams best drivers - McLaren

Click here to take the quiz!

General Stats

  • This quiz has been taken 49 times
  • The average score is 5 of 7

Answer Stats

WinsPodiumsPolesAFPRacesAnswer% Correct
3555462.096Ayrton Senna
96%
2149264.2110Lewis Hamilton
96%
3063102.7107Alain Prost
93%
2051263.2131Mika Häkkinen
78%
125174.3150David Coulthard
65%
936113.487Kimi Räikkönen
57%
914143.849James Hunt
52%

Score Distribution

Percentile by Number Answered

Percent of People with Each Score

Your Score History

You have not taken this quiz